000 00348nam a2200133Ia 4500
005 20260328104309.0
008 260328s9999||||xx |||||||||||||| ||und||
100 _aBourgeois, Jean -Luis
245 0 _aEspectacular y VernĂ¡cular /
_cJean -Luis Bourgeois
260 _bPeregrine Smith
300 _a110 p.
650 _aMEDIO ORIENTE
942 _cBK
999 _c10896
_d10896